LEADER 01089nam a2200277 i 4500 001 000000041755 003 CaOOAMICUS 005 20210913100421.0 008 041125s1990 it u000 u ita u 013 $a12925 040 $aSeMil$bita 100 1 $aCarucci, Paola,$d<1941- >.$0(OLS)http://semarc/name/5932 245 13$aLe fonti archivistiche :$bordinamento e conservazione /$cPaola Carucci. 250 $a4. ristampa 264 1$aRoma :$bLa Nuova Italia Scientifica,$c1990. 300 $a239 p. ;$c24 cm. 490 1 $aBeni culturali ;$v10 500 $aContiene : Appendice normativa. 650 4$aArchivistica.$0(OLS)http://semarc/subject/8042 830 0$aBeni culturali ;$v10.$0(OLS)http://semarc/title/16650 850 $aSeMil 852 $aSeMil$W1$xVenegono$y1$m7A I 18$j259724$B7910$CSeMilBibl$Z2$F7910 $8I 961 $aAcquisto: Distributore 996 $6245$aLe fonti archivistiche :$bordinamento e conservazione$9(OLS)http://semarc/title/60605 996 $6264$aRoma :$bLa Nuova Italia Scientifica$9(OLS)http://semarc/publisher/32280 LEADER 01040nam a2200217 i 4500 001 000000113939 003 CaOOAMICUS 005 20030408000000.0 008 030408s2001 fr u000 u fre u 013 $a86625 040 $aSeMil$bita 245 13$aUn objet de science, le catholicisme :$bRéflexions autour de l'oeuvre d'Émile Poulat (en Sorbonne, 22-23 octobre 1999) /$couvrage publié sous la direction de Valentine Zuber ... [et al.]. 260 $aParis :$bBayard,$c2001. 300 $a364 p. ;$c21 cm. 650 4$aPoulat, Emile.$0(OLS)http://semarc/subject/20717 700 1 $aZuber, Valentine.$0(OLS)http://semarc/name/47683 850 $aSeMil 852 $aSeMil$W1$xVenegono$y1$m3N I 108$j69585$B69585$CSeMilBibl$Z2$F77492 $81 961 $aAcquisto: Librairie St. Paul-Siloë 996 $6245$aUn objet de science, le catholicisme :$bRéflexions autour de l'oeuvre d'Émile Poulat (en Sorbonne, 22-23 octobre 1999)$9(OLS)http://semarc/title/166472 996 $6260$aParis :$bBayard$9(OLS)http://semarc/publisher/30832